Municipis de Catalunya (amb mapa) - Statistics

General Stats
  • This quiz has been taken 4.809 times
    1.543 since last reset
  • The average score is 342 of 947
Answers on the Map
Answers color-coded by a green-red scale on the quiz's map according to % correct below.
 
Answer Stats
Comarca Municipi % Correct
Barcelonès Barcelona
88%
Vall d'Aran Les
87%
Tarragonès Tarragona
85%
Barcelonès Badalona
83%
Gironès Girona
83%
Barcelonès l'Hospitalet de Llobregat
82%
Segrià Lleida
82%
Maresme Mataró
82%
Vallès Occidental Sabadell
82%
Vallès Occidental Terrassa
82%
Ripollès Ripoll
81%
Baix Ebre Tortosa
81%
Vall d'Aran Vielha e Mijaran
81%
Garraf Sitges
80%
Garraf Vilanova i la Geltrú
80%
Montsià Amposta
79%
Baix Llobregat el Prat de Llobregat
79%
Alt Empordà Roses
79%
Anoia Igualada
78%
Baix Llobregat Castelldefels
77%
Bages Manresa
77%
Barcelonès Sant Adrià de Besòs
77%
Pallars Jussà Tremp
77%
Pla de l'Estany Banyoles
76%
Berguedà Berga
76%
Baix Llobregat Gavà
76%
Garrotxa Olot
76%
Baix Camp Reus
76%
Tarragonès Salou
76%
Baix Llobregat Viladecans
76%
Alt Penedès Vilafranca del Penedès
76%
Alt Empordà Cadaqués
75%
Alt Empordà Figueres
75%
Baixa Cerdanya Puigcerdà
75%
Barcelonès Santa Coloma de Gramenet
75%
Vallès Occidental Sant Cugat del Vallès
75%
Pallars Sobirà Sort
75%
Alt Camp Valls
75%
Osona Vic
75%
Selva Blanes
74%
Baix Llobregat Martorell
74%
Baix Llobregat Cornellà de Llobregat
73%
Moianès Moià
73%
Vallès Occidental Rubí
73%
Baix Llobregat Sant Feliu de Llobregat
73%
Vallès Oriental Granollers
72%
Montsià la Ràpita
72%
Alt Urgell la Seu d'Urgell
72%
Baixa Cerdanya Llívia
72%
Lluçanès Lluçà
72%
Vallès Occidental Cerdanyola del Vallès
71%
Alta Ribagorça el Pont de Suert
71%
Selva Lloret de Mar
71%
Pla d'Urgell Mollerussa
71%
Selva Santa Coloma de Farners
71%
Anoia Calaf
70%
Baix Camp Cambrils
70%
Baix Ebre Deltebre
70%
Baix Penedès el Vendrell
70%
Alt Empordà Portbou
70%
Baix Llobregat Sant Boi de Llobregat
70%
Solsonès Solsona
70%
Segarra Cervera
69%
Vallès Occidental Montcada i Reixac
69%
Urgell Tàrrega
69%
Baix Camp Vandellòs i l'Hospitalet de l'Infant
69%
Noguera Balaguer
68%
Baix Empordà la Bisbal d'Empordà
68%
Conca de Barberà Montblanc
68%
Ribera d'Ebre Móra d'Ebre
68%
Maresme Arenys de Mar
67%
Baix Llobregat Esplugues de Llobregat
67%
Priorat Falset
67%
Garrigues les Borges Blanques
67%
Garraf Sant Pere de Ribes
67%
Tarragonès Torredembarra
67%
Selva Tossa de Mar
67%
Baix Penedès Cunit
66%
Terra Alta Gandesa
66%
Alt Empordà l'Escala
66%
Montsià Ulldecona
66%
Maresme Calella
65%
Baix Ebre l'Ampolla
65%
Baix Empordà Palafrugell
65%
Baix Empordà Sant Feliu de Guíxols
65%
Baix Llobregat Sant Joan Despí
65%
Montsià Alcanar
64%
Vallès Occidental Badia del Vallès
64%
Baix Penedès Calafell
64%
Maresme Montgat
64%
Baix Llobregat Olesa de Montserrat
64%
Vallès Occidental Ripollet
64%
Baix Llobregat Sant Just Desvern
64%
Garraf Cubelles
63%
Baix Llobregat Molins de Rei
63%
Baix Empordà Palamós
63%
Maresme Premià de Mar
63%
Maresme Vilassar de Mar
63%
Baixa Cerdanya Alp
62%
Tarragonès Altafulla
62%
Maresme Arenys de Munt
62%
Maresme el Masnou
62%
Alt Empordà la Jonquera
62%
Gironès Salt
62%
Tarragonès Vila-seca
62%
Vallès Occidental Barberà del Vallès
61%
Maresme Canet de Mar
61%
Baix Empordà Castell d'Aro, Platja d'Aro i s'Agaró
61%
Baix Ebre l'Ametlla de Mar
61%
Maresme Sant Pol de Mar
61%
Vallès Occidental Sant Quirze del Vallès
61%
Baix Empordà Begur
60%
Baix Llobregat el Papiol
60%
Ripollès Camprodon
59%
Alt Empordà Llançà
59%
Maresme Santa Susanna
59%
Vallès Oriental Sant Celoni
59%
Alt Penedès Sant Sadurní d'Anoia
59%
Vallès Occidental Viladecavalls
59%
Vallès Oriental Caldes de Montbui
58%
Vallès Occidental Castellar del Vallès
58%
Baix Empordà Pals
58%
Maresme Tordera
58%
Segrià Alcarràs
57%
Vallès Oriental Cardedeu
57%
Vallès Occidental Castellbisbal
57%
Ribera d'Ebre Flix
57%
Baix Empordà la Pera
57%
Vallès Oriental la Roca del Vallès
57%
Montsià la Sénia
57%
Vallès Occidental Matadepera
57%
Vallès Oriental Mollet del Vallès
57%
Ribera d'Ebre Móra la Nova
57%
Maresme Premià de Dalt
57%
Maresme Argentona
56%
Bages Artés
56%
Alt Camp la Riba
56%
Maresme Pineda de Mar
56%
Baix Llobregat Sant Andreu de la Barca
56%
Baix Llobregat Sant Esteve Sesrovires
56%
Maresme Vilassar de Dalt
56%
Alt Empordà Castelló d'Empúries
55%
Alt Penedès Gelida
55%
Vallès Oriental la Garriga
55%
Vallès Oriental Montmeló
55%
Vallès Oriental Parets del Vallès
55%
Montsià Sant Jaume d'Enveja
55%
Baix Llobregat Abrera
54%
Terra Alta Horta de Sant Joan
54%
Baix Ebre l'Aldea
54%
Noguera Os de Balaguer
54%
Maresme Alella
53%
Baix Llobregat Esparreguera
53%
Pallars Sobirà Esterri d'Àneu
53%
Vallès Oriental Llinars del Vallès
53%
Vallès Occidental Santa Perpètua de Mogoda
53%
Baix Empordà Torroella de Montgrí
53%
Ribera d'Ebre Ascó
52%
Baix Llobregat Begues
52%
Garrotxa Besalú
52%
Maresme Cabrera de Mar
52%
Selva Caldes de Malavella
52%
Bages Cardona
52%
Baix Llobregat Corbera de Llobregat
52%
Vallès Oriental la Llagosta
52%
Gironès Llagostera
52%
Maresme Malgrat de Mar
52%
Baix Camp Mont-roig del Camp
52%
Lluçanès Prats de Lluçanès
52%
Ripollès Ribes de Freser
52%
Tarragonès Roda de Berà
52%
Baix Llobregat Sant Vicenç dels Horts
52%
Maresme Tiana
52%
Osona Torelló
52%
Bages Castellbell i el Vilar
51%
Pallars Jussà la Pobla de Segur
51%
Osona Manlleu
51%
Vallès Occidental Palau-solità i Plegamans
51%
Baix Llobregat Pallejà
51%
Osona Rupit i Pruit
51%
Baix Empordà Ullà
51%
Selva Anglès
50%
Alt Empordà Colera
50%
Baix Llobregat Collbató
50%
Vallès Oriental Montseny
50%
Vallès Oriental Santa Maria de Palautordera
50%
Ripollès Sant Joan de les Abadesses
50%
Alt Empordà Sant Pere Pescador
50%
Conca de Barberà Vimbodí i Poblet
50%
Segrià Alfarràs
49%
Bages Avinyó
49%
Maresme Caldes d'Estrac
49%
Tarragonès Constantí
49%
Baix Ebre el Perelló
49%
Alt Empordà el Port de la Selva
49%
Baix Camp Prades
49%
Baix Empordà Santa Cristina d'Aro
49%
Alt Camp Alcover
48%
Baixa Cerdanya Bellver de Cerdanya
48%
Terra Alta Bot
48%
Baix Llobregat Cervelló
48%
Berguedà Gironella
48%
Segarra Guissona
48%
Conca de Barberà l'Espluga de Francolí
48%
Bages Monistrol de Montserrat
48%
Anoia Piera
48%
Baix Ebre Roquetes
48%
Baix Llobregat Santa Coloma de Cervelló
48%
Selva Sant Hilari Sacalm
48%
Ripollès Setcases
48%
Ribera d'Ebre Tivissa
48%
Osona Tona
48%
Osona Viladrau
48%
Baix Ebre Xerta
48%
Alta Ribagorça la Vall de Boí
47%
Noguera Ponts
47%
Baix Llobregat Vallirana
47%
Selva Amer
46%
Selva Arbúcies
46%
Vall d'Aran Bossòst
46%
Baix Penedès la Bisbal del Penedès
46%
Garrigues l'Albi
46%
Garraf Olivella
46%
Vallès Occidental Polinyà
46%
Maresme Teià
46%
Vallès Occidental Vacarisses
46%
Selva Vidreres
46%
Terra Alta Batea
45%
Maresme Cabrils
45%
Baix Camp la Selva del Camp
45%
Selva Maçanet de la Selva
45%
Vallès Oriental Martorelles
45%
Vall d'Aran Naut Aran
45%
Maresme Palafolls
45%
Ribera d'Ebre Riba-roja d'Ebre
45%
Baix Camp Riudoms
45%
Maresme Sant Andreu de Llavaneres
45%
Conca de Barberà Barberà de la Conca
44%
Baix Ebre Benifallet
44%
Ripollès Campdevànol
44%
Vallès Oriental Canovelles
44%
Berguedà Castellar de n'Hug
44%
Tarragonès Creixell
44%
Maresme Dosrius
44%
Berguedà Guardiola de Berguedà
44%
Selva Hostalric
44%
Baix Penedès l'Arboç
44%
Ribera d'Ebre la Torre de l'Espanyol
44%
Vallès Oriental Lliçà d'Amunt
44%
Vallès Oriental Lliçà de Vall
44%
Anoia Masquefa
44%
Ribera d'Ebre Miravet
44%
Alt Urgell Oliana
44%
Alt Empordà Pau
44%
Ripollès Queralbs
44%
Montsià Santa Bàrbara
44%
Vallès Occidental Sentmenat
44%
Vallès Occidental Ullastrell
44%
Terra Alta Arnes
43%
Berguedà Bagà
43%
Garraf Canyelles
43%
Garrotxa Castellfollit de la Roca
43%
Terra Alta Corbera d'Ebre
43%
Anoia el Bruc
43%
Osona Gurb
43%
Tarragonès la Pobla de Mafumet
43%
Bages Sallent
43%
Conca de Barberà Santa Coloma de Queralt
43%
Osona Sant Hipòlit de Voltregà
43%
Selva Sils
43%
Baix Llobregat Torrelles de Llobregat
43%
Vallès Oriental Aiguafreda
42%
Gironès Cassà de la Selva
42%
Vallès Oriental l'Ametlla del Vallès
42%
Berguedà la Pobla de Lillet
42%
Garrotxa Maià de Montcal
42%
Priorat Marçà
42%
Bages Navàs
42%
Solsonès Odèn
42%
Vallès Oriental Sant Esteve de Palautordera
42%
Bages Santpedor
42%
Osona Sant Quirze de Besora
42%
Noguera Àger
41%
Urgell Agramunt
41%
Alt Camp Aiguamúrcia
41%
Segrià Aitona
41%
Moianès Castellterçol
41%
Baixa Cerdanya Ger
41%
Tarragonès la Canonja
41%
Ripollès Molló
41%
Vallès Oriental Montornès del Vallès
41%
Baix Llobregat Sant Climent de Llobregat
41%
Anoia Vilanova del Camí
41%
Segrià Alguaire
40%
Noguera Artesa de Segre
40%
Baixa Cerdanya Das
40%
Ribera d'Ebre Garcia
40%
Berguedà Gósol
40%
Alt Empordà la Selva de Mar
40%
Osona Seva
40%
Pallars Sobirà Alins
39%
Baix Ebre Camarles
39%
Pallars Jussà Isona i Conca Dellà
39%
Garrigues Juneda
39%
Baix Llobregat la Palma de Cervelló
39%
Osona l'Esquirol
39%
Montsià Mas de Barberans
39%
Alt Urgell Organyà
39%
Maresme Òrrius
39%
Alt Empordà Peralada
39%
Vallès Oriental Sant Antoni de Vilamajor
39%
Ripollès Sant Pau de Segúries
39%
Maresme Sant Vicenç de Montalt
39%
Alt Empordà Siurana
39%
Priorat Ulldemolins
39%
Alta Ribagorça Vilaller
39%
Urgell Bellpuig
38%
Vallès Oriental Bigues i Riells del Fai
38%
Baix Empordà Calonge i Sant Antoni
38%
Berguedà Casserres
38%
Osona Centelles
38%
Pla de l'Estany Cornellà del Terri
38%
Pallars Sobirà Espot
38%
Alt Penedès la Granada
38%
Terra Alta la Pobla de Massaluca
38%
Garrotxa la Vall d'en Bas
38%
Priorat la Vilella Baixa
38%
Baix Camp les Borges del Camp
38%
Vallès Oriental les Franqueses del Vallès
38%
Osona les Masies de Voltregà
38%
Moianès l'Estany
38%
Pallars Sobirà Llavorsí
38%
Anoia Òdena
38%
Baix Ebre Paüls
38%
Priorat Porrera
38%
Baix Camp Riudecanyes
38%
Garrotxa Santa Pau
38%
Bages Sant Joan de Vilatorrada
38%
Vallès Oriental Sant Pere de Vilamajor
38%
Bages Súria
38%
Baix Empordà Ullastret
38%
Baix Empordà Verges
38%
Vallès Oriental Vilanova del Vallès
38%
Baix Penedès Banyeres del Penedès
37%
Anoia Capellades
37%
Berguedà Cercs
37%
Osona Espinelves
37%
Alt Empordà Espolla
37%
Baix Empordà Forallac
37%
Montsià Freginals
37%
Priorat la Vilella Alta
37%
Pla de l'Estany Porqueres
37%
Moianès Santa Maria d'Oló
37%
Vallès Oriental Sant Fost de Campsentelles
37%
Bages Sant Fruitós de Bages
37%
Segarra Sant Guim de Freixenet
37%
Baix Penedès Sant Jaume dels Domenys
37%
Alt Penedès Sant Quintí de Mediona
37%
Ripollès Toses
37%
Alt Empordà Vilafant
37%
Conca de Barberà Vilanova de Prades
37%
Baix Camp Alforja
36%
Segrià Almacelles
36%
Ribera d'Ebre Benissanet
36%
Selva Breda
36%
Priorat Cornudella de Montsant
36%
Anoia els Hostalets de Pierola
36%
Vallès Occidental Gallifa
36%
Baix Penedès Llorenç del Penedès
36%
Montsià Masdenverge
36%
Selva Massanes
36%
Baixa Cerdanya Montellà i Martinet
36%
Bages Mura
36%
Selva Riells i Viabrea
36%
Osona Roda de Ter
36%
Baix Penedès Santa Oliva
36%
Berguedà Vilada
36%
Alt Camp Vila-rodona
36%
Pallars Sobirà Alt Àneu
35%
Alt Penedès Avinyonet del Penedès
35%
Baix Empordà Cruïlles, Monells i Sant Sadurní de l'Heura
35%
Solsonès la Coma i la Pedra
35%
Terra Alta la Fatarella
35%
Berguedà la Quar
35%
Tarragonès la Riera de Gaià
35%
Baix Camp Montbrió del Camp
35%
Alt Penedès Olesa de Bonesvalls
35%
Ripollès Planoles
35%
Berguedà Puig-reig
35%
Pallars Sobirà Rialb
35%
Alt Penedès Santa Margarida i els Monjos
35%
Moianès Sant Quirze Safaja
35%
Segrià Seròs
35%
Alt Penedès Subirats
35%
Baix Penedès Albinyana
34%
Segrià Artesa de Lleida
34%
Bages Balsareny
34%
Alt Camp Cabra del Camp
34%
Moianès Calders
34%
Alt Penedès Castellet i la Gornal
34%
Tarragonès el Catllar
34%
Vallès Oriental Figaró-Montmany
34%
Berguedà Gisclareny
34%
Vallès Oriental Gualba
34%
Baixa Cerdanya Lles de Cerdanya
34%
Bages Navarcles
34%
Alt Camp Nulles
34%
Lluçanès Perafita
34%
Baix Camp Pratdip
34%
Alt Camp Querol
34%
Selva Riudellots de la Selva
34%
Selva Sant Feliu de Buixalleu
34%
Gironès Sant Jordi Desvalls
34%
Osona Sant Pere de Torelló
34%
Gironès Sarrià de Ter
34%
Osona Taradell
34%
Baix Ebre Tivenys
34%
Solsonès Torà
34%
Conca de Barberà Vallfogona de Riucorb
34%
Gironès Aiguaviva
33%
Baix Ebre Aldover
33%
Alt Camp Alió
33%
Berguedà Avià
33%
Osona Balenyà
33%
Alt Camp Bràfim
33%
Vall d'Aran Canejan
33%
Baix Camp Duesaigües
33%
Baix Penedès el Montmell
33%
Tarragonès el Morell
33%
Terra Alta el Pinell de Brai
33%
Tarragonès els Pallaresos
33%
Segrià Gimenells i el Pla de la Font
33%
Priorat Gratallops
33%
Baixa Cerdanya Guils de Cerdanya
33%
Montsià la Galera
33%
Pallars Sobirà la Guingueta d'Àneu
33%
Tarragonès la Nou de Gaià
33%
Anoia la Pobla de Claramunt
33%
Alt Empordà Lladó
33%
Baix Empordà Mont-ras
33%
Alt Penedès Olèrdola
33%
Lluçanès Olost
33%
Tarragonès Perafort
33%
Terra Alta Prat de Comte
33%
Baix Camp Riudecols
33%
Vallès Oriental Santa Eulàlia de Ronçana
33%
Maresme Sant Cebrià de Vallalta
33%
Vallès Oriental Sant Feliu de Codines
33%
Maresme Sant Iscle de Vallalta
33%
Vallès Occidental Sant Llorenç Savall
33%
Bages Talamanca
33%
Alt Penedès Torrelles de Foix
33%
Baix Camp Vinyols i els Arcs
33%
Pallars Jussà Abella de la Conca
32%
Baix Ebre Alfara de Carles
32%
Gironès Bescanó
32%
Alt Camp el Pla de Santa Maria
32%
Priorat els Guiamets
32%
Selva Fogars de la Selva
32%
Montsià Godall
32%
Anoia Jorba
32%
Garrigues la Granadella
32%
Ribera d'Ebre la Palma d'Ebre
32%
Segrià Maials
32%
Ribera d'Ebre Rasquera
32%
Garrotxa Sant Aniol de Finestres
32%
Berguedà Sant Jaume de Frontanyà
32%
Gironès Sant Julià de Ramis
32%
Alt Penedès Sant Llorenç d'Hortons
32%
Pla d'Urgell Torregrossa
32%
Alt Camp Vilabella
32%
Tarragonès Vilallonga del Camp
32%
Osona Vilanova de Sau
32%
Selva Vilobí d'Onyar
32%
Ribera d'Ebre Vinebre
32%
Segrià Almenar
31%
Segrià Alpicat
31%
Garrigues Arbeca
31%
Vall d'Aran Arres
31%
Vall d'Aran Bausen
31%
Baixa Cerdanya Bolvir
31%
Baix Camp Castellvell del Camp
31%
Baix Llobregat Castellví de Rosanes
31%
Gironès Celrà
31%
Baix Camp l'Albiol
31%
Alt Camp la Masó
31%
Priorat la Morera de Montsant
31%
Tarragonès la Pobla de Montornès
31%
Alt Urgell les Valls de Valira
31%
Pla d'Urgell Linyola
31%
Alt Empordà Maçanet de Cabrenys
31%
Alt Penedès Mediona
31%
Moianès Monistrol de Calders
31%
Priorat Pradell de la Teixeta
31%
Vallès Occidental Rellinars
31%
Osona Santa Eugènia de Berga
31%
Alt Penedès Sant Cugat Sesgarrigues
31%
Osona Sant Martí de Centelles
31%
Bages Sant Vicenç de Castellet
31%
Segrià Soses
31%
Selva Susqueda
31%
Pallars Jussà Talarn
31%
Pla de l'Estany Vilademuls
31%
Ripollès Vilallonga de Ter
31%
Baix Camp Almoster
30%
Priorat Bellmunt del Priorat
30%
Priorat Cabacés
30%
Ribera d'Ebre Ginestar
30%
Baixa Cerdanya Isòvol
30%
Priorat la Bisbal de Falset
30%
Alt Empordà l'Armentera
30%
Garrotxa la Vall de Bianya
30%
Alt Penedès Pacs del Penedès
30%
Selva Riudarenes
30%
Osona Sant Boi de Lluçanès
30%
Conca de Barberà Solivella
30%
Urgell Vallbona de les Monges
30%
Ripollès Vallfogona de Ripollès
30%
Vallès Oriental Vallromanes
30%
Osona Vidrà
30%
Terra Alta Vilalba dels Arcs
30%
Baix Camp Vilanova d'Escornalbou
30%
Alt Empordà Avinyonet de Puigventós
29%
Baix Penedès Bellvei
29%
Baix Penedès Bonastre
29%
Vallès Oriental Cànoves i Samalús
29%
Terra Alta Caseres
29%
Alt Empordà Darnius
29%
Osona Folgueroles
29%
Baixa Cerdanya Fontanals de Cerdanya
29%
Gironès Fornells de la Selva
29%
Alt Empordà Garriguella
29%
Ripollès Gombrèn
29%
Priorat la Figuera
29%
Tarragonès la Secuita
29%
Priorat Margalef
29%
Garrotxa Montagut i Oix
29%
Osona Muntanyola
29%
Osona Orís
29%
Priorat Poboleda
29%
Alt Penedès Pontons
29%
Alt Camp Puigpelat
29%
Gironès Quart
29%
Baixa Cerdanya Riu de Cerdanya
29%
Tarragonès Salomó
29%
Alt Penedès Santa Fe del Penedès
29%
Anoia Santa Margarida de Montbui
29%
Vallès Oriental Santa Maria de Martorelles
29%
Gironès Sant Gregori
29%
Osona Sant Julià de Vilatorta
29%
Solsonès Sant Llorenç de Morunys
29%
Anoia Sant Martí de Tous
29%
Alt Penedès Sant Pere de Riudebitlles
29%
Conca de Barberà Sarral
29%
Vallès Oriental Tagamanent
29%
Segrià Torres de Segre
29%
Baix Empordà Ultramort
29%
Vallès Oriental Vallgorguina
29%
Segrià Almatret
28%
Gironès Bordils
28%
Baix Camp Botarell
28%
Osona Calldetenes
28%
Priorat Capçanes
28%
Anoia Castellolí
28%
Priorat el Molar
28%
Alt Penedès el Pla del Penedès
28%
Alt Camp el Pont d'Armentera
28%
Vall d'Aran Es Bòrdes
28%
Pallars Sobirà Esterri de Cardós
28%
Gironès Flaçà
28%
Garrigues Juncosa
28%
Baix Camp l'Aleixar
28%
Conca de Barberà les Piles
28%
Garrotxa les Preses
28%
Osona Malla
28%
Osona Montesquiu
28%
Lluçanès Oristà
28%
Segrià Puigverd de Lleida
28%
Osona Santa Maria de Besora
28%
Alt Empordà Sant Climent Sescebes
28%
Priorat Torroja del Priorat
28%
Baixa Cerdanya Urús
28%
Conca de Barberà Vallclara
28%
Pallars Sobirà Vall de Cardós
28%
Tarragonès Vespella de Gaià
28%
Gironès Vilablareix
28%
Baix Camp Vilaplana
28%
Conca de Barberà Vilaverd
28%
Urgell Anglesola
27%
Pallars Sobirà Baix Pallars
27%
Berguedà Borredà
27%
Alt Urgell Coll de Nargó
27%
Moianès Collsuspina
27%
Conca de Barberà Conesa
27%
Priorat el Lloar
27%
Priorat el Masroig
27%
Alt Camp el Milà
27%
Bages el Pont de Vilomara i Rocafort
27%
Berguedà Fígols
27%
Alt Camp Figuerola del Camp
27%
Bages Gaià
27%
Moianès Granera
27%
Pla d'Urgell Ivars d'Urgell
27%
Selva la Cellera de Ter
27%
Anoia la Llacuna
27%
Garrigues la Pobla de Cérvoles
27%
Ripollès les Llosses
27%
Osona les Masies de Roda
27%
Garrotxa les Planes d'Hostoles
27%
Garrigues l'Espluga Calba
27%
Selva Osor
27%
Conca de Barberà Passanant i Belltall
27%
Solsonès Pinós
27%
Baixa Cerdanya Prullans
27%
Garrotxa Sant Joan les Fonts
27%
Bages Sant Salvador de Guardiola
27%
Osona Tavertet
27%
Segrià Torrefarrera
27%
Alt Camp Vallmoll
27%
Alt Empordà Vilajuïga
27%
Alt Empordà Vilamalla
27%
Pla d'Urgell Bell-lloc d'Urgell
26%
Alt Empordà Boadella i les Escaules
26%
Noguera Camarasa
26%
Bages Castellfollit del Boix
26%
Alt Penedès Castellví de la Marca
26%
Pallars Jussà Conca de Dalt
26%
Baix Empordà Corçà
26%
Alt Camp el Rourell
26%
Segrià la Granja d'Escarp
26%
Baix Camp l'Argentera
26%
Baix Penedès Masllorenç
26%
Alt Camp Montferri
26%
Solsonès Navès
26%
Conca de Barberà Rocafort de Queralt
26%
Alt Camp Rodonyà
26%
Segrià Rosselló
26%
Pallars Jussà Salàs de Pallars
26%
Berguedà Saldes
26%
Osona Santa Eulàlia de Riuprimer
26%
Osona Sant Bartomeu del Grau
26%
Garrotxa Sant Feliu de Pallerols
26%
Bages Sant Feliu Sasserra
26%
Alt Penedès Sant Martí Sarroca
26%
Osona Sant Sadurní d'Osormort
26%
Osona Sant Vicenç de Torelló
26%
Alt Penedès Terrassola i Lavit
26%
Garrotxa Tortellà
26%
Urgell Verdú
26%
Garrigues Vinaixa
26%
Bages Aguilar de Segarra
25%
Lluçanès Alpens
25%
Alt Empordà Bàscara
25%
Vallès Oriental Campins
25%
Bages Castellgalí
25%
Alt Camp els Garidells
25%
Pla de l'Estany Esponellà
25%
Alt Penedès Font-rubí
25%
Urgell Guimerà
25%
Pallars Jussà la Torre de Cabdella
25%
Solsonès Lladurs
25%
Segrià Massalcoreig
25%
Berguedà Montmajor
25%
Conca de Barberà Pira
25%
Bages Rajadell
25%
Baix Empordà Regencós
25%
Osona Sant Agustí de Lluçanès
25%
Berguedà Santa Maria de Merlès
25%
Selva Sant Julià del Llor i Bonmatí
25%
Pla de l'Estany Serinyà
25%
Pallars Sobirà Tírvia
25%
Noguera Vallfogona de Balaguer
25%
Vall d'Aran Vilamòs
25%
Alt Empordà Agullana
24%
Alt Empordà Albanyà
24%
Segrià Albatàrrec
24%
Segrià Alcoletge
24%
Noguera Alòs de Balaguer
24%
Baix Camp Arbolí
24%
Garrotxa Argelaguer
24%
Baix Empordà Bellcaire d'Empordà
24%
Noguera Bellcaire d'Urgell
24%
Alt Empordà Cabanes
24%
Alt Empordà Cantallops
24%
Baix Camp Capafonts
24%
Anoia Carme
24%
Moianès Castellcir
24%
Anoia Castellfollit de Riubregós
24%
Baix Camp Colldejou
24%
Pla d'Urgell el Palau d'Anglesola
24%
Alt Urgell el Pont de Bar
24%
Anoia els Prats de Rei
24%
Baix Empordà Foixà
24%
Bages Fonollosa
24%
Baix Camp la Febró
24%
Berguedà la Nou de Berguedà
24%
Alt Empordà la Vajol
24%
Baix Camp Maspujols
24%
Baixa Cerdanya Meranges
24%
Garrotxa Mieres
24%
Alt Empordà Mollet de Peralada
24%
Alt Urgell Montferrer i Castellbò
24%
Berguedà Olvan
24%
Baix Empordà Palau-sator
24%
Ripollès Pardines
24%
Conca de Barberà Pontils
24%
Alt Empordà Rabós
24%
Gironès Sant Martí Vell
24%
Pla de l'Estany Sant Miquel de Campmajor
24%
Pla d'Urgell Sidamon
24%
Osona Tavèrnoles
24%
Alt Empordà Vilabertran
24%
Vallès Oriental Vilalba Sasserra
24%
Alt Penedès Vilobí del Penedès
24%
Baix Empordà Albons
23%
Segrià Alcanó
23%
Alt Urgell Cava
23%
Osona el Brull
23%
Pla d'Urgell el Poal
23%
Vallès Oriental Fogars de Montclús
23%
Alt Urgell Josa i Tuixén
23%
Gironès Juià
23%
Anoia la Torre de Claramunt
23%
Priorat la Torre de Fontaubella
23%
Pallars Sobirà Lladorre
23%
Ripollès Llanars
23%
Segrià Llardecans
23%
Alt Camp Mont-ral
23%
Ripollès Ogassa
23%
Solsonès Olius
23%
Baixa Cerdanya Prats i Sansor
23%
Alt Penedès Puigdàlber
23%
Tarragonès Renau
23%
Osona Santa Cecília de Voltregà
23%
Garrotxa Sant Jaume de Llierca
23%
Alt Empordà Sant Llorenç de la Muga
23%
Anoia Sant Pere Sallavinera
23%
Osona Sora
23%
Pallars Sobirà Soriguera
23%
Segrià Sunyer
23%
Segrià Vilanova de Segrià
23%
Alt Urgell Alàs i Cerc
22%
Segrià Alfés
22%
Noguera Bellmunt d'Urgell
22%
Anoia Bellprat
22%
Pla d'Urgell Bellvís
22%
Solsonès Biosca
22%
Selva Brunyola i Sant Martí Sapresa
22%
Anoia Cabrera d'Anoia
22%
Gironès Canet d'Adri
22%
Pla d'Urgell Castellnou de Seana
22%
Anoia Copons
22%
Alt Penedès les Cabanyes
22%
Gironès Madremanya
22%
Anoia Montmaneu
22%
Alt Empordà Palau-saverdera
22%
Baix Empordà Parlavà
22%
Alt Urgell Ribera d'Urgellet
22%
Garrotxa Riudaura
22%
Pallars Jussà Sant Esteve de la Sarga
22%
Gironès Sant Martí de Llémena
22%
Bages Sant Mateu de Bages
22%
Alt Empordà Sant Miquel de Fluvià
22%
Segarra Sant Ramon
22%
Conca de Barberà Senan
22%
Lluçanès Sobremunt
22%
Berguedà Vallcebre
22%
Baix Empordà Vall-llobrega
22%
Segrià Vilanova de la Barca
22%
Alt Empordà Vilaür
22%
Anoia Argençola
21%
Alt Urgell Arsèguel
21%
Bages Callús
21%
Berguedà Capolat
21%
Gironès Cervià de Ter
21%
Pla de l'Estany Crespià
21%
Alt Empordà Garrigàs
21%
Gironès Llambilles
21%
Bages Marganell
21%
Berguedà Montclar
21%
Alt Empordà Navata
21%
Urgell Ossó de Sió
21%
Segarra Sanaüja
21%
Berguedà Sant Julià de Cerdanyola
21%
Urgell Vilagrassa
21%
Pla d'Urgell Vilanova de Bellpuig
21%
Noguera Vilanova de Meià
21%
Pla d'Urgell Vila-sana
21%
Conca de Barberà Blancafort
20%
Alt Empordà Borrassà
20%
Berguedà Castellar del Riu
20%
Bages Castellnou de Bages
20%
Baix Empordà Garrigoles
20%
Pla d'Urgell Golmés
20%
Baix Empordà Gualta
20%
Noguera Ivars de Noguera
20%
Baix Empordà Jafre
20%
Garrigues la Floresta
20%
Noguera les Avellanes i Santa Linya
20%
Alt Empordà Llers
20%
Pallars Jussà Llimiana
20%
Pla d'Urgell Miralcamp
20%
Segarra Montornès de Segarra
20%
Alt Urgell Peramola
20%
Segarra Sant Guim de la Plana
20%
Segrià Sarroca de Lleida
20%
Pallars Jussà Senterada
20%
Segrià Sudanell
20%
Urgell Tornabous
20%
Berguedà Viver i Serrateix
20%
Pla d'Urgell Barbens
19%
Urgell Belianes
19%
Segrià Benavent de Segrià
19%
Alt Urgell Cabó
19%
Pla de l'Estany Camós
19%
Ripollès Campelles
19%
Gironès Campllong
19%
Berguedà Castell de l'Areny
19%
Urgell Ciutadilla
19%
Solsonès Clariana de Cardener
19%
Noguera Cubells
19%
Segrià els Alamús
19%
Alt Urgell Estamariu
19%
Pallars Sobirà Farrera
19%
Pla de l'Estany Fontcoberta
19%
Conca de Barberà Forès
19%
Alt Empordà Fortià
19%
Pallars Jussà Gavet de la Conca
19%
Garrigues Granyena de les Garrigues
19%
Noguera la Baronia de Rialb
19%
Alt Urgell les Valls d'Aguilar
19%
Urgell Maldà
19%
Noguera Menàrguens
19%
Segrià Montoliu de Lleida
19%
Urgell Nalec
19%
Anoia Orpí
19%
Pla de l'Estany Palol de Revardit
19%
Noguera Penelles
19%
Noguera Preixens
19%
Garrigues Puiggròs
19%
Baix Empordà Rupià
19%
Gironès Sant Andreu Salou
19%
Pallars Jussà Sarroca de Bellera
19%
Noguera Térmens
19%
Segrià Torrebesses
19%
Baix Empordà Torrent
19%
Segrià Torre-serona
19%
Anoia Vallbona d'Anoia
19%
Alt Empordà Viladamat
19%
Gironès Viladasens
19%
Alt Empordà Vilamaniscle
19%
Alt Empordà Vilanant
19%
Noguera Algerri
18%
Segrià Aspa
18%
Garrigues Bellaguarda
18%
Garrotxa Beuda
18%
Garrigues Castelldans
18%
Urgell Castellserà
18%
Garrigues Cervià de les Garrigues
18%
Garrigues el Vilosell
18%
Alt Urgell Fígols i Alinyà
18%
Baix Empordà Fontanilles
18%
Solsonès Guixers
18%
Noguera la Sentiu de Sió
18%
Alt Urgell la Vansa i Fórnols
18%
Conca de Barberà Llorac
18%
Noguera Montgai
18%
Alt Empordà Pedret i Marzà
18%
Alt Empordà Pontós
18%
Anoia Pujalt
18%
Anoia Rubió
18%
Berguedà Sagàs
18%
Garrotxa Sant Ferriol
18%
Gironès Sant Joan de Mollet
18%
Lluçanès Sant Martí d'Albars
18%
Anoia Sant Martí Sesgueioles
18%
Alt Empordà Saus, Camallera i Llampaies
18%
Garrigues Tarrés
18%
Alt Empordà Terrades
18%
Alt Empordà Ventalló
18%
Alt Empordà Biure
17%
Garrigues Bovera
17%
Alt Empordà Cabanelles
17%
Solsonès Castellar de la Ribera
17%
Pla d'Urgell Fondarella
17%
Segarra Ivorra
17%
Solsonès la Molsosa
17%
Segrià la Portella
17%
Alt Empordà Pont de Molins
17%
Urgell Preixana
17%
Urgell Puigverd d'Agramunt
17%
Anoia Santa Maria de Miralles
17%
Conca de Barberà Savallà del Comtat
17%
Baix Empordà Serra de Daró
17%
Segarra Torrefeta i Florejacs
17%
Alt Empordà Torroella de Fluvià
17%
Alt Empordà Vilamacolum
17%
Alt Empordà Vila-sacra
17%
Noguera Albesa
16%
Alt Urgell Bassella
16%
Alt Empordà Campmany
16%
Pallars Jussà Castell de Mur
16%
Noguera Castelló de Farfanya
16%
Baix Empordà Colomers
16%
Garrigues el Cogul
16%
Alt Empordà el Far d'Empordà
16%
Urgell els Omells de na Gaia
16%
Garrigues els Torms
16%
Noguera Foradada
16%
Segarra Granyena de Segarra
16%
Urgell la Fuliola
16%
Berguedà l'Espunyola
16%
Alt Empordà Palau de Santa Eulàlia
16%
Solsonès Pinell de Solsonès
16%
Solsonès Riner
16%
Garrotxa Sales de Llierca
16%
Alt Empordà Sant Mori
16%
Segarra Tarroja de Segarra
16%
Anoia Veciana
16%
Noguera Vilanova de l'Aguda
16%
Alt Empordà Cistella
15%
Garrigues el Soleràs
15%
Garrigues els Omellons
15%
Garrigues Fulleda
15%
Segarra Granyanella
15%
Garrigues l'Albagés
15%
Baix Empordà la Tallada d'Empordà
15%
Alt Empordà Ordis
15%
Alt Empordà Riumors
15%
Alt Empordà Santa Llogaia d'Àlguema
15%
Urgell Sant Martí de Riucorb
15%
Noguera Torrelameu
15%
Anoia Calonge de Segarra
14%
Segrià Corbins
14%
Segarra els Plans de Sió
14%
Segarra Estaràs
14%
Segarra les Oluges
14%
Solsonès Llobera
14%
Alt Empordà Masarac
14%
Segarra Montoliu de Segarra
14%
Noguera Oliola
14%
Segarra Talavera
14%
Noguera Tiurana
14%
Baix Empordà Vilopriu
14%
Noguera Cabanabona
13%
Segarra Massoteres
13%
Segarra Ribera d'Ondara
13%
No matching quizzes found
Score Distribution
Percent of People with Each Score
Percentile by Number Answered
Your Score History
You have not taken this quiz since the last reset